general IQ quiz - Statistics

General Stats
  • This quiz has been taken 76 times
    70 since last reset
  • The average score is 4 of 13
Answer Stats
Hint Answer % Correct
first president of usa george washington
85%
In a darkroom and you have one match left, which do you light first, the newspaper, the candle or the lamp or....? match
50%
country which first made shampoo INDIA
45%
largest democracy INDIA
45%
full form of iq intelligence quotient
35%
country with largest forest cover RUSSIA
35%
kingdom to which fungus belongs fungi
31%
Lightest Metal Lithium
26%
layer of atmosphere responsible for radio signals ionosphere
18%
founder of ZERO aryabhatta
8%
largest flower Rafflesia
6%
most viewed song on youtube see you again
6%
magnitude of magnetic field is zero at neutral points
2%
No matching quizzes found
Score Distribution
Percent of People with Each Score
Percentile by Number Answered
Your Score History
You have not taken this quiz since the last reset